| 000 | 00747nam a22002417a 4500 | ||
|---|---|---|---|
| 003 | OSt | ||
| 005 | 20211013083057.0 | ||
| 008 | 201015b2012 dr 00| 0 spa d | ||
| 020 | _a9789945469912 | ||
| 040 |
_aDO-SdBNP _bspa _cBPMSU |
||
| 082 |
_aRD862.5 _bA162J 2012 _222 |
||
| 100 | 1 |
_aAbréu, Dió-genes _d1959- |
|
| 245 | 1 | 3 |
_aLa Jom Atenda / _cDió-genes Abréu. |
| 260 |
_aSanto Domingo : _bEditora Nacional, _c2012. |
||
| 300 |
_a81 p. ; _c23 cm. |
||
| 500 | _aIncluye datos biográficos del autor en las solapas. | ||
| 586 | _aPrimio de Teatro Letras de Ultramar, 2011 | ||
| 590 | _6Inventariado, 2021/VM | ||
| 650 | 4 | _aTeatro dominicano | |
| 710 | 2 | _aMinisterio de Cultura (República Dominicano) | |
| 910 | _aVMateo V. | ||
| 942 |
_2ddc _cBK |
||
| 999 |
_c13788 _d13788 |
||